Responses for show #5803 - Wednesday, December 2, 2009

Dave Belote game 1.

Contestants

Kathleen Bursley, an intellectual property lawyer from Long Beach, California

Dave Belote, the base commander from Nellis Air Force Base, Las Vegas

Shawna Brandle, a Ph.D. candidate from Rockville Centre, New York (whose 1-day cash winnings total $19,600)

Jeopardy! Round responses

ACTRESSES' ROLES
"W"ORLD HISTORY
REMEMBER THESE LADIES
A MUSICAL PASTICHE
ALCOHOLICS UNANIMOUS
"ITZ" AT THE END
    $200 26
Jennifer Aniston

Shawna
    $200 11
the Wright Brothers

Shawna
    $200 21
Nancy Pelosi

Kathleen
    $200 16
Elvis Presley

Dave
    $200 1
F. Scott Fitzgerald

Shawna
    $200 6
a ditz

Dave
    $400 27
Goldie Hawn

Dave
    $400 12
Wenceslas

Kathleen
    $400 22
Barbara Walters

Dave
    $400 17
minstrels

Dave
    $400 2
John Steinbeck

Kathleen
    $400 7
spritz

Dave
    $600 28
Diane Keaton

Dave
    $600 13
Works

Dave
    $600 23
Bardot

Dave
    $600 18
(Shawna: What is the 1960s?)

the '20s

ShawnaDave
    $600 3
Dylan Thomas

Kathleen
    $600 8
Ritz

Kathleen
    $800 29
Drew Barrymore

Shawna
    $800 14
Wolsey

Kathleen
    $800 24
Martha Stewart

Shawna
    $800 19
drums

Kathleen
    $800 4
Dorothy Parker

Shawna
    $800 9
Saint Moritz

Dave
    $1000 30
Uma Thurman

Kathleen
    $1000 15
Westphalia

Dave
    $1000 25
Héloïse

Kathleen
    $1000 20
Johannes Brahms

Triple Stumper
    $1,000 5
(Shawna: Who is... F. Scott Fitzgerald?)
(Alex: No. The play was Long Day's Journey into Night, and it was [*]. The Tyrone family.)

Eugene O'Neill

Shawna
    $1000 10
Fritz

Kathleen

Scores at the first commercial break (after clue 15):

Shawna Dave Kathleen
$200 $3,000 $3,800

Scores at the end of the Jeopardy! Round:

Shawna Dave Kathleen
$1,400 $6,200 $6,800

Double Jeopardy! Round responses

20th CENTURY AMERICA
SPORTS, ILLUSTRATED
TOOTSIE ROLLS
SCIENCE CROSSWORD CLUES "E"
CURRENT BIOGRAPHY: 1970
THE WAY IN
    $400 6
the Minuteman

Dave
    $400 11
(Dave: What is 9?)

10

ShawnaDave
    $400 1
(Dave: What's paper?)

sugar

Dave
Triple Stumper
    $400 16
an epidemic

Shawna
    $400 21
Fidel Castro

Kathleen
    $400 30
the hatch

Shawna
    $3,000 7
Coca-Cola

Dave
    $800 12
a jab

Kathleen
    $800 2
1918

Dave
    $800 17
an element

Shawna
    $800 22
Rose Kennedy

Dave
    $800 29
gate

Kathleen
    $1200 8
segregation

Dave
    $1200 13
a reverse

Dave
    $1200 3
Dots

Shawna
    $1200 18
an electron

Kathleen
    $1200 23
Duke Ellington

Triple Stumper
    $1200 28
Doors

Shawna
    $1600 9
(Alex: 1976, amazing!)

swine flu

Kathleen
    $1600 14
a dogleg

Dave
    $1600 4
the Tootsie Roll cheesecake

Triple Stumper
    $3,000 19
(Alex: You didn't even need the number of letters. Way to go.)
(Kathleen: [Laughing] I can't even count that high.)

an enzyme

Kathleen
    $1600 24
(Elie) Wiesel

Shawna
    $1600 27
gangway

Dave
    $2000 10
(Walt) Disney

Dave
    $2000 15
(Shawna: What is a center?)

the backcourt

ShawnaKathleen
    $2000 5
Tootsie Pop Drops

Triple Stumper
    $2000 20
an erg

Dave
    $2000 25
(Kathleen: Who is Luce?)
...
(Alex: Less than a minute to go, now.)

Walter Annenberg

Kathleen
Triple Stumper
    $2000 26
a portal

Kathleen

Scores at the end of the Double Jeopardy! Round:

Shawna Dave Kathleen
$5,400 $20,000 $16,600

[wagering suggestions for these scores]

Final Jeopardy! Round responses

PHRASE ORIGINS
[ERRATUM: The Strategic Bombing Survey that coined "[*]" was actually dated June 19, 1946.]
ShawnaWhat is [Star Wars? crossed out] Air Defense?
$2,401
KathleenWhat is ground zero?
$10,000
DaveWhat is ground zero?
$19,999
ground zero

Final scores:

Shawna Dave Kathleen
$2,999 $39,999 $26,600
3rd place: $1,000 New champion: $39,999 2nd place: $2,000

Game dynamics:

Coryat scores:

Shawna Dave Kathleen
$6,400 $17,800 $15,200
13 R,
3 W
(including 1 DD)
22 R
(including 1 DD),
2 W
18 R
(including 1 DD),
1 W

Combined Coryat: $39,400

The J! Archive is created by fans, for fans. The Jeopardy! game show and all elements thereof, including but not limited to copyright and trademark thereto, are the property of Jeopardy Productions, Inc. and are protected under law. This website is not affiliated with, sponsored by, or operated by Jeopardy Productions, Inc. Join the discussion at JBoard.tv.